[Event "Ct. Catalunya femeni"]
[Site "?"]
[Date "????.??.??"]
[Round "5"]
[White "Jausas Lopez, A."]
[Black "Montoliu Daroca, I."]
[Result "1/2-1/2"]
[WhiteElo "1593"]
[BlackElo "1808"]
[PlyCount "97"]
[EventDate "2011.??.??"]
[EventType "swiss"]
[EventRounds "6"]

1. e4 c5 2. Nf3 d6 3. d4 cxd4 4. Nxd4 Nc6 5. Nc3 Nf6 6. Be2 g6 7. Be3 Bg7 8.
Qd2 O-O 9. O-O a6 10. Rac1 Ng4 11. Bxg4 Bxg4 12. Rfe1 Rc8 13. f3 Bd7 14. Red1
Ne5 15. b3 f5 16. Nce2 fxe4 17. fxe4 Ng4 18. c3 Nxe3 19. Qxe3 Qc7 20. Kh1 Qc5
21. Qg1 Qe5 22. Ng3 Rf7 23. c4 Bg4 24. Rd3 Bh6 25. Rc2 Bf4 26. Nde2 Bxe2 27.
Rxe2 Rcf8 28. Re1 Qg5 29. Rd5 Qh4 30. Rd3 Be5 31. a4 Rf2 32. a5 Rb2 33. Rb1
Rbf2 34. Re1 Qf6 35. Rdd1 Bxg3 36. hxg3 Qg5 37. Ra1 Qxg3 38. Qh2 Qxb3 39. Rac1
Qa2 40. Qh3 Qxa5 41. Qe6+ R8f7 42. Qc8+ Kg7 43. Qxb7 Qg5 44. e5 dxe5 45. c5 Rd2
46. Rf1 Qh4+ 47. Kg1 Qd4+ 48. Kh1 Qh4+ 49. Kg1 1/2-1/2

[Event "Ct. Catalunya femeni"]
[Site "?"]
[Date "????.??.??"]
[Round "5"]
[White "Las Heras Aixandri, S."]
[Black "Julian Ortin, EM."]
[Result "1/2-1/2"]
[WhiteElo "1550"]
[BlackElo "1770"]
[PlyCount "98"]
[EventDate "2011.??.??"]
[EventType "swiss"]
[EventRounds "6"]

1. e4 c5 2. Nc3 g6 3. f4 Bg7 4. Nf3 Nc6 5. Bc4 e6 6. O-O Nge7 7. d3 O-O 8. Qe1
d5 9. exd5 exd5 10. Bb3 b6 11. Qg3 Nd4 12. Nxd4 Bxd4+ 13. Kh1 Be6 14. Nb5 Bg7
15. c4 dxc4 16. Bxc4 Bxc4 17. dxc4 Nf5 18. Qf2 h5 19. Rb1 a6 20. Nc3 Bd4 21.
Qf3 Qd6 22. Ne2 Rad8 23. b3 Rfe8 24. Nxd4 Nxd4 25. Qg3 Re2 26. Rb2 Rde8 27.
Rxe2 Rxe2 28. a3 Qe6 29. b4 Qxc4 30. f5 Nxf5 31. Qb8+ Kg7 32. Qxb6 Rc2 33. Rg1
Rxc1 34. bxc5 Qxc5 35. Qb2+ Rc3 36. Rc1 Qxa3 37. Qxc3+ Qxc3 38. Rxc3 Nd4 39.
Ra3 g5 40. Rxa6 f6 41. Kg1 Kg6 42. Kf2 Nf5 43. Ra4 Ng7 44. g4 hxg4 45. Rxg4 f5
46. Rg1 Nh5 47. Ra1 g4 48. Ra6+ Kg5 49. Ra8 Kh4 1/2-1/2

[Event "Ct. Catalunya femeni"]
[Site "?"]
[Date "????.??.??"]
[Round "5"]
[White "Lopez Atay, DR."]
[Black "Terrones Launes, M."]
[Result "1/2-1/2"]
[WhiteElo "2012"]
[BlackElo "1959"]
[PlyCount "59"]
[EventDate "2011.??.??"]
[EventType "swiss"]
[EventRounds "6"]

1. e4 e5 2. Nf3 Nc6 3. Bb5 a6 4. Bxc6 dxc6 5. d4 exd4 6. Qxd4 Qxd4 7. Nxd4 Bd6
8. Nc3 Ne7 9. Be3 c5 10. Nde2 Ng6 11. O-O-O Bd7 12. Nd5 Rd8 13. f3 O-O 14. Nef4
Nxf4 15. Bxf4 Bxf4+ 16. Nxf4 Bc6 17. Rxd8 Rxd8 18. Rd1 Rxd1+ 19. Kxd1 Kf8 20.
c4 Ke7 21. b3 b6 22. Kd2 f6 23. Ke3 g5 24. Nd5+ Bxd5 25. exd5 f5 26. f4 g4 27.
Kf2 Kf6 28. Kg3 h5 29. h3 Kg6 30. h4 1/2-1/2

[Event "Ct. Catalunya femeni"]
[Site "?"]
[Date "????.??.??"]
[Round "5"]
[White "Martin Perez, L."]
[Black "Castillo Escario, Y."]
[Result "1/2-1/2"]
[WhiteElo "1948"]
[BlackElo "1880"]
[PlyCount "77"]
[EventDate "2011.??.??"]
[EventType "swiss"]
[EventRounds "6"]

1. e4 e5 2. Nf3 Nc6 3. Bb5 a6 4. Bxc6 dxc6 5. O-O Bg4 6. h3 h5 7. d3 Qf6 8.
Nbd2 Ne7 9. Nc4 Bxf3 10. Qxf3 Qxf3 11. gxf3 Ng6 12. Rd1 b5 13. Na5 c5 14. Be3
Bd6 15. Kf1 Nf8 16. c3 Ne6 17. a4 f6 18. Ke2 Kf7 19. Rg1 g5 20. axb5 axb5 21.
Nb3 Rhb8 22. Rxa8 Rxa8 23. Ra1 Rxa1 24. Nxa1 Kg6 25. Nc2 f5 26. Na3 c6 27. Nc2
Kf6 28. Na1 b4 29. Nb3 f4 30. Bd2 bxc3 31. bxc3 c4 32. dxc4 Ke7 33. c5 Nxc5 34.
Nxc5 Bxc5 35. Be1 Kd6 36. Kd3 Bb6 37. Kc4 Bc5 38. Kb3 Bb6 39. Kc4 1/2-1/2

[Event "Ct. Catalunya femeni"]
[Site "?"]
[Date "????.??.??"]
[Round "5"]
[White "Norte Garcia, A."]
[Black "Marin Benito, C."]
[Result "1/2-1/2"]
[WhiteElo "1920"]
[BlackElo "1827"]
[PlyCount "105"]
[EventDate "2011.??.??"]
[EventType "swiss"]
[EventRounds "6"]

1. e4 e5 2. Nf3 Nc6 3. Bb5 g6 4. d4 exd4 5. c3 dxc3 6. Nxc3 Bg7 7. Bg5 Nce7 8.
Qd2 h6 9. Bf4 a6 10. Bc4 d6 11. e5 Bf5 12. Rd1 g5 13. Bg3 Nc6 14. exd6 cxd6 15.
Bxd6 Nge7 16. O-O b5 17. Bb3 Ra7 18. Qe3 O-O 19. Qc5 Rd7 20. Nd5 Be4 21. Rfe1
Bxd5 22. Bxd5 Nxd5 23. Bxf8 Bxf8 24. Qxc6 Rd6 25. Qe8 Qf6 26. Qe5 Nb4 27. Rxd6
Qxe5 28. Rxe5 Bxd6 29. Re8+ Kg7 30. a3 Nc2 31. Rc8 Na1 32. Rc6 Be7 33. Rxa6 Bf6
34. b4 Nc2 35. Ra5 Bb2 36. Rxb5 Bxa3 37. Rb7 Bxb4 38. Ne5 Kf6 39. Nxf7 h5 40.
Rxb4 Nxb4 41. Nd6 Nd5 42. Nc4 g4 43. Ne3 Nf4 44. Kf1 Ke5 45. Ke1 Ke4 46. Kf1
Ke5 47. Nc4+ Kd5 48. Nd2 Kd4 49. f3 Kd3 50. Ne4 gxf3 51. gxf3 Ke3 52. Ng5 h4
53. h3 1/2-1/2

[Event "Ct. Catalunya femeni"]
[Site "?"]
[Date "????.??.??"]
[Round "5"]
[White "Ros Alonso, J."]
[Black "Vidal Masferrer, M."]
[Result "0-1"]
[WhiteElo "1565"]
[BlackElo "1494"]
[PlyCount "102"]
[EventDate "2011.??.??"]
[EventType "swiss"]
[EventRounds "6"]

1. e4 e5 2. Nf3 Nc6 3. d4 Bd6 4. d5 Nce7 5. Bd3 h6 6. Nc3 Nf6 7. Be3 O-O 8. a3
c6 9. dxc6 Nxc6 10. O-O Bc7 11. Qd2 d6 12. Bc4 Ng4 13. Rad1 Nxe3 14. Qxe3 Bg4
15. Rd3 Qd7 16. Re1 Rad8 17. Bb5 Bb6 18. Qd2 Qe6 19. Bxc6 bxc6 20. Rd1 Bc7 21.
Ne2 Qg6 22. Ng3 Rd7 23. Qe3 Bb6 24. Qd2 Rfd8 25. h3 Bxh3 26. gxh3 Qxg3+ 27. Kf1
Qxh3+ 28. Ke1 f5 29. Qe2 f4 30. Ng1 Qg2 31. Kd2 Qxf2 32. Nh3 Qxe2+ 33. Kxe2 g5
34. Kf3 Kh7 35. Rh1 Kg6 36. b4 h5 37. Kg2 g4 38. Ng1 Bxg1 39. Kxg1 f3 40. Rd2
Rf8 41. c4 g3 42. Rd1 Kg5 43. Rh3 Kg4 44. Rh1 h4 45. c5 h3 46. cxd6 h2+ 47.
Rxh2 gxh2+ 48. Kxh2 f2 49. Kg2 f1=Q+ 50. Rxf1 Rxf1 51. Kxf1 Rxd6 0-1

[Event "Ct. Catalunya femeni"]
[Site "?"]
[Date "????.??.??"]
[Round "5"]
[White "Ruiz Font, E."]
[Black "Riera Morilla, E."]
[Result "1/2-1/2"]
[WhiteElo "1971"]
[BlackElo "1929"]
[PlyCount "49"]
[EventDate "2011.??.??"]
[EventType "swiss"]
[EventRounds "6"]

1. e4 c5 2. Nf3 Nc6 3. d4 cxd4 4. Nxd4 g6 5. Nc3 Bg7 6. Be3 Nf6 7. Bc4 O-O 8.
Bb3 a5 9. O-O d6 10. f3 Nxd4 11. Bxd4 Bd7 12. Nd5 Nxd5 13. Bxd5 Qc7 14. a4 Rac8
15. Rf2 b6 16. Ra3 Bxd4 17. Qxd4 Qc5 18. Qd2 e6 19. Bb7 Rcd8 20. Ba6 Bc8 21.
Bb5 Qe5 22. Qc3 Qg5 23. Qe3 Qxe3 24. Rxe3 d5 25. exd5 1/2-1/2

[Event "Ct. Catalunya femeni"]
[Site "?"]
[Date "????.??.??"]
[Round "6"]
[White "Castillo Escario, Y."]
[Black "Norte Garcia, A."]
[Result "0-1"]
[WhiteElo "1880"]
[BlackElo "1920"]
[PlyCount "80"]
[EventDate "2011.??.??"]
[EventType "swiss"]
[EventRounds "6"]

1. e4 c5 2. Nf3 e6 3. d4 cxd4 4. Nxd4 Nf6 5. Nc3 Nc6 6. Be3 Bb4 7. Bd3 d5 8.
exd5 Nxd5 9. Nxc6 bxc6 10. Qg4 O-O 11. O-O Nxe3 12. Qe4 f5 13. Qxe3 Qf6 14. Bc4
f4 15. Qe4 Rb8 16. Rad1 Kh8 17. Qf3 Bxc3 18. bxc3 e5 19. Rfe1 Bf5 20. Bd3 Rb2
21. a4 Bxd3 22. Qxd3 h6 23. f3 Rbb8 24. Qd6 Rfd8 25. Qxf6 gxf6 26. Kf2 Kg7 27.
Ke2 Rd5 28. Rxd5 cxd5 29. Rd1 Rb2 30. Rxd5 Rxc2+ 31. Kd3 Rxg2 32. Rd7+ Kg6 33.
Rxa7 Rf2 34. a5 Rxf3+ 35. Kc4 Re3 36. a6 f3 37. Ra8 f2 38. a7 f1=Q+ 39. Kb3
Rxc3+ 40. Ka2 Qe2+ 0-1

[Event "Ct. Catalunya femeni"]
[Site "?"]
[Date "????.??.??"]
[Round "6"]
[White "Garcia Castany Musellas, G."]
[Black "Ruiz Font, E."]
[Result "0-1"]
[WhiteElo "2001"]
[BlackElo "1971"]
[PlyCount "76"]
[EventDate "2011.??.??"]
[EventType "swiss"]
[EventRounds "6"]

1. e4 c5 2. Nf3 g6 3. d4 cxd4 4. Nxd4 Nc6 5. Be3 Nf6 6. Nc3 Bg7 7. Bc4 O-O 8.
Bb3 d6 9. f3 Bd7 10. Qd2 Rc8 11. O-O-O Ne5 12. Kb1 a6 13. g4 b5 14. h4 b4 15.
Nce2 a5 16. Bh6 a4 17. Bxg7 Kxg7 18. Bd5 e6 19. Bb7 Rc5 20. Ba6 Qb6 21. Bd3 d5
22. h5 dxe4 23. hxg6 fxg6 24. Qh6+ Kg8 25. Bxe4 Nf7 26. Qh4 Ng5 27. Bd3 Bc6 28.
f4 Nf3 29. Nxf3 Bxf3 30. Rhg1 b3 31. Qf2 bxc2+ 32. Bxc2 Rb8 33. b3 axb3 34.
axb3 Be4 35. Nc1 Bxc2+ 36. Qxc2 Rxc2 37. Kxc2 Qf2+ 38. Kb1 Nd5 0-1

[Event "Ct. Catalunya femeni"]
[Site "?"]
[Date "????.??.??"]
[Round "6"]
[White "Marin Benito, C."]
[Black "Lopez Atay, DR."]
[Result "1/2-1/2"]
[WhiteElo "1827"]
[BlackElo "2012"]
[PlyCount "82"]
[EventDate "2011.??.??"]
[EventType "swiss"]
[EventRounds "6"]

1. e4 c6 2. d4 d5 3. f3 e6 4. Nc3 Bb4 5. Nge2 dxe4 6. fxe4 Qh4+ 7. Ng3 Nf6 8.
Qf3 O-O 9. e5 Nd5 10. Qe4 Qxe4+ 11. Ngxe4 c5 12. a3 cxd4 13. axb4 dxc3 14. bxc3
Nc6 15. Bc4 Nxe5 16. Bxd5 exd5 17. Nd6 Rd8 18. Nb5 a6 19. Nc7 Rb8 20. Bf4 f6
21. O-O-O Bg4 22. Rxd5 Rdc8 23. Bxe5 fxe5 24. h3 Rxc7 25. hxg4 Rxc3 26. Rh3
Rbc8 27. Rxc3 Rxc3 28. Rxe5 Kf7 29. Kb2 Rc4 30. Kb3 Rxg4 31. Rc5 Re4 32. Rf5+
Ke7 33. Rc5 Kf6 34. Rc7 Re7 35. Rc5 Re5 36. Rc7 Re7 37. Rc5 g6 38. Ka4 b6 39.
Rc6+ Re6 40. Rc7 Re7 41. Rc6+ Re6 1/2-1/2

[Event "Ct. Catalunya femeni"]
[Site "?"]
[Date "????.??.??"]
[Round "6"]
[White "Martin Dinares, S."]
[Black "Jausas Lopez, A."]
[Result "1-0"]
[WhiteElo "1507"]
[BlackElo "1593"]
[PlyCount "45"]
[EventDate "2011.??.??"]
[EventType "swiss"]
[EventRounds "6"]

1. c4 b6 2. Nc3 Bb7 3. d4 e6 4. e4 Bb4 5. Bd3 f5 6. d5 fxe4 7. Bxe4 Nf6 8. Bg5
O-O 9. Qd3 h6 10. Bh7+ Kh8 11. Bg6 hxg5 12. Qh3+ Kg8 13. Nf3 g4 14. Qh4 gxf3
15. g4 Bxc3+ 16. bxc3 exd5 17. O-O-O dxc4 18. Rhe1 Be4 19. Rxe4 d5 20. g5 Re8
21. gxf6 Rxe4 22. Qh7+ Kf8 23. Qxg7# 1-0

[Event "Ct. Catalunya femeni"]
[Site "?"]
[Date "????.??.??"]
[Round "6"]
[White "Montoliu Daroca, I."]
[Black "Vidal Masferrer, M."]
[Result "1-0"]
[WhiteElo "1808"]
[BlackElo "1494"]
[PlyCount "75"]
[EventDate "2011.??.??"]
[EventType "swiss"]
[EventRounds "6"]

1. c4 e5 2. Nc3 Nf6 3. g3 c6 4. Bg2 d6 5. Nf3 Nbd7 6. O-O Be7 7. d4 O-O 8. b3
b6 9. dxe5 dxe5 10. Nh4 Bb7 11. Nf5 Rb8 12. Nxe7+ Qxe7 13. Bb2 Rfd8 14. Qc2 Nc5
15. Rad1 Ne6 16. e3 Rd7 17. Rxd7 Nxd7 18. Rd1 Rd8 19. Nb5 a6 20. Ba3 Ndc5 21.
Nc3 Rd7 22. Rxd7 Qxd7 23. b4 Qd3 24. Qxd3 Nxd3 25. Be4 Nxb4 26. Bxb4 a5 27. Bd6
f6 28. Na4 Ng5 29. Bg2 Kf7 30. Nxb6 Ke6 31. Ba3 Nf7 32. c5 Nd8 33. Nc4 a4 34.
Nb6 Ke7 35. Nxa4 Ba6 36. Nc3 Kd7 37. Bb4 Kc7 38. Ba5+ 1-0

[Event "Ct. Catalunya femeni"]
[Site "?"]
[Date "????.??.??"]
[Round "6"]
[White "Riera Morilla, E."]
[Black "Martin Perez, L."]
[Result "1-0"]
[WhiteElo "1929"]
[BlackElo "1948"]
[PlyCount "69"]
[EventDate "2011.??.??"]
[EventType "swiss"]
[EventRounds "6"]

1. e4 c5 2. Nf3 Nc6 3. d4 cxd4 4. Nxd4 g6 5. Nc3 Bg7 6. Nxc6 bxc6 7. Bc4 d6 8.
Qf3 Nf6 9. e5 dxe5 10. Qxc6+ Bd7 11. Qa6 O-O 12. Bg5 Qc8 13. Qxc8 Raxc8 14. Bb3
Bc6 15. O-O h6 16. Be3 Rc7 17. h3 Nh5 18. Ne2 Rd7 19. Rad1 Rfd8 20. c3 Bb5 21.
Rxd7 Rxd7 22. c4 Bc6 23. Rd1 a6 24. Rxd7 Bxd7 25. c5 Nf4 26. Nxf4 exf4 27. Bxf4
g5 28. Bc1 Bd4 29. Bc4 a5 30. Be3 Bxb2 31. Bd5 e6 32. Bb7 f5 33. c6 Bxc6 34.
Bxc6 Kf7 35. Bd2 1-0

[Event "Ct. Catalunya femeni"]
[Site "?"]
[Date "????.??.??"]
[Round "6"]
[White "Terrones Launes, M."]
[Black "Capellades Subirana, L."]
[Result "1-0"]
[WhiteElo "1959"]
[BlackElo "1651"]
[PlyCount "107"]
[EventDate "2011.??.??"]
[EventType "swiss"]
[EventRounds "6"]

1. e4 e5 2. Nf3 Nc6 3. d4 exd4 4. Nxd4 Bc5 5. Nxc6 Qf6 6. Qd2 Qxc6 7. Nc3 Bb4
8. Bd3 Ne7 9. O-O Bxc3 10. bxc3 O-O 11. Qg5 Ng6 12. Ba3 Re8 13. Rab1 b6 14. f3
Bb7 15. Rfd1 h6 16. Qd2 Qf6 17. c4 Qf4 18. Qxf4 Nxf4 19. c5 Bc6 20. g3 Ne6 21.
Bb5 Bxb5 22. Rxb5 c6 23. Rbb1 b5 24. Rxd7 Red8 25. Rd6 a5 26. Rbd1 b4 27. Bb2
Rxd6 28. cxd6 Rd8 29. e5 g6 30. a3 h5 31. axb4 axb4 32. Kf2 Nc5 33. Rd4 Na4 34.
Rxb4 Nxb2 35. Rxb2 f6 36. f4 Kf7 37. Ke3 Ke6 38. Ke4 Ra8 39. c4 Ra1 40. c5 Re1+
41. Kd3 fxe5 42. fxe5 Rxe5 43. Re2 Rxe2 44. Kxe2 g5 45. Ke3 Kf6 46. Ke4 Ke6 47.
h4 g4 48. Kf4 Kf6 49. d7 Ke7 50. d8=Q+ Kxd8 51. Kg5 Ke7 52. Kxh5 Kf6 53. Kxg4
Kg6 54. Kf4 1-0

[Event "Ct. Catalunya femeni"]
[Site "?"]
[Date "????.??.??"]
[Round "6"]
[White "Terrones Launes, X."]
[Black "Las Heras Aixandri, S."]
[Result "1/2-1/2"]
[WhiteElo "1591"]
[BlackElo "1550"]
[PlyCount "82"]
[EventDate "2011.??.??"]
[EventType "swiss"]
[EventRounds "6"]

1. d4 Nf6 2. c4 c5 3. e3 g6 4. Nf3 Bg7 5. Be2 O-O 6. O-O cxd4 7. exd4 d5 8. Nc3
b6 9. cxd5 Nxd5 10. Bc4 Bb7 11. Ne5 Nxc3 12. bxc3 Qc7 13. Qe2 Nc6 14. Bf4 Nxe5
15. Bxe5 Qc6 16. d5 Qc5 17. Bxg7 Kxg7 18. Rfe1 Rfe8 19. Rac1 Bxd5 20. Bxd5 Qxd5
21. Rcd1 Qc6 22. Qe5+ Qf6 23. Qe3 Rac8 24. Rc1 Rc6 25. Qd3 Rd6 26. Qc2 Red8 27.
Re2 Qg5 28. Rce1 Qf6 29. h3 R8d7 30. c4 Rc6 31. Qa4 Rdc7 32. Rxe7 Rxe7 33. Rxe7
Qxe7 34. Qxc6 Qa3 35. Qc7 Qxa2 36. Qe5+ Kf8 37. Qh8+ Ke7 38. Qe5+ Kd7 39. Qd5+
Ke7 40. Qe5+ Kd8 41. Qd5+ Kc8 1/2-1/2

[Event "Ct. Catalunya juvenil"]
[Site "?"]
[Date "2011.04.20"]
[Round "1"]
[White "Alquezar Calpena, M."]
[Black "Fernandez Soriano, R."]
[Result "0-1"]
[WhiteElo "1800"]
[BlackElo "2080"]
[PlyCount "73"]
[EventDate "2011.??.??"]
[EventType "swiss"]
[EventRounds "8"]

1. e4 d5 2. exd5 Nf6 3. d4 Bg4 4. Be2 Bxe2 5. Qxe2 Qxd5 6. Nf3 e6 7. Nc3 Bb4 8.
Bd2 Bxc3 9. Bxc3 Nc6 10. O-O O-O 11. Rad1 b5 12. a3 a5 13. b3 a4 14. b4 Ne4 15.
Bb2 Nd6 16. Ne5 Rfe8 17. Rfe1 f6 18. Nxc6 Qxc6 19. Rd3 Qc4 20. Re3 Qxe2 21.
R3xe2 Nc4 22. c3 Kf7 23. Bc1 Rad8 24. f4 Rd5 25. g4 g6 26. Kf2 f5 27. g5 Rd6
28. h3 Rd5 29. Kf3 Nd6 30. Re5 c6 31. Bb2 Nc4 32. Rxd5 cxd5 33. Bc1 h6 34. Rh1
hxg5 35. fxg5 Nd6 36. Ke3 Rc8 37. Kd3 0-1

[Event "Ct. Catalunya juvenil"]
[Site "?"]
[Date "2011.04.20"]
[Round "1"]
[White "Arno Bendicho, X."]
[Black "Ventura Bolet, M."]
[Result "0-1"]
[WhiteElo "1630"]
[BlackElo "1987"]
[PlyCount "46"]
[EventDate "2011.??.??"]
[EventType "swiss"]
[EventRounds "8"]

1. c4 e5 2. Nc3 Nc6 3. g3 f5 4. d3 Nf6 5. Bg2 Bb4 6. Bd2 O-O 7. Nf3 d6 8. O-O
Qe8 9. a3 Bxc3 10. Bxc3 Qh5 11. h4 h6 12. Bd2 e4 13. Nh2 g5 14. hxg5 hxg5 15.
dxe4 fxe4 16. e3 Ng4 17. Nxg4 Bxg4 18. Qc2 Ne5 19. f4 exf3 20. Bh1 f2+ 21. Rxf2
Rxf2 22. Kxf2 Qh2+ 23. Bg2 Rf8+ 0-1

[Event "Ct. Catalunya juvenil"]
[Site "?"]
[Date "2011.04.20"]
[Round "1"]
[White "Bardera Gil, S."]
[Black "Vazquez Kaufmann, D."]
[Result "1-0"]
[WhiteElo "2025"]
[BlackElo "1689"]
[PlyCount "65"]
[EventDate "2011.??.??"]
[EventType "swiss"]
[EventRounds "8"]

1. e4 e6 2. d4 d5 3. Nd2 a6 4. c3 c5 5. Bd3 Nc6 6. Ne2 Qb6 7. O-O cxd4 8. exd5
exd5 9. cxd4 Nf6 10. Nb3 Be7 11. Kh1 Bg4 12. f3 Bh5 13. Ng3 Bg6 14. Nf5 O-O 15.
Bg5 Bd8 16. Rc1 Nb4 17. Bb1 Nxa2 18. Bxa2 Bxf5 19. Qd2 Bg6 20. Nc5 Bc7 21. Bxf6
Qxf6 22. f4 Qc6 23. f5 Qd6 24. g3 Bh5 25. Qg5 Qh6 26. Qxh6 gxh6 27. Nd7 Bd8 28.
g4 Bg5 29. gxh5 Rfd8 30. Rc7 Rac8 31. Rxc8 Rxc8 32. f6 Rc6 33. Bxd5 1-0

[Event "Ct. Catalunya juvenil"]
[Site "?"]
[Date "2011.04.20"]
[Round "1"]
[White "Campos Cayuelas, A."]
[Black "Sabria Batlle, P."]
[Result "1-0"]
[WhiteElo "1906"]
[BlackElo "2211"]
[PlyCount "59"]
[EventDate "2011.??.??"]
[EventType "swiss"]
[EventRounds "8"]

1. e4 c5 2. Nc3 e6 3. f4 d5 4. Bb5+ Nc6 5. Bxc6+ bxc6 6. d3 Nf6 7. Nf3 Be7 8.
O-O O-O 9. Qe1 Qb6 10. Kh1 Ba6 11. b3 Rfe8 12. h3 Qc7 13. e5 Nd7 14. g4 Bf8 15.
Bd2 c4 16. bxc4 dxc4 17. d4 c5 18. d5 exd5 19. Nxd5 Qc6 20. Nc3 Rad8 21. Qf2
Nb6 22. Rae1 Bb7 23. Be3 Nd5 24. Nxd5 Rxd5 25. Kh2 c3 26. f5 Qa4 27. f6 g6 28.
Bc1 Re6 29. Qh4 Rd2+ 30. Nxd2 1-0

[Event "Ct. Catalunya juvenil"]
[Site "?"]
[Date "2011.04.20"]
[Round "1"]
[White "Cano Egea, JM."]
[Black "Boldu Soto, R."]
[Result "0-1"]
[WhiteElo "1440"]
[BlackElo "1961"]
[PlyCount "106"]
[EventDate "2011.??.??"]
[EventType "swiss"]
[EventRounds "8"]

1. e4 c5 2. Nf3 d6 3. c3 Nf6 4. Be2 g6 5. O-O Bg7 6. Re1 O-O 7. Bc4 e6 8. d4
Nxe4 9. Rxe4 d5 10. Bxd5 Qxd5 11. Re1 Rd8 12. Be3 Nc6 13. Na3 cxd4 14. Bxd4
Nxd4 15. Nxd4 Bxd4 16. cxd4 Qxd4 17. Qb3 b6 18. Rad1 Qf6 19. Rxd8+ Qxd8 20. Rd1
Qe7 21. Nc4 Bb7 22. Qa4 Rd8 23. Rxd8+ Qxd8 24. Ne3 a6 25. Qc2 h5 26. h3 Qc8 27.
Qd2 Qc6 28. Qd8+ Kg7 29. Qd4+ Kh7 30. Qf6 Qc7 31. a3 Bd5 32. Nxd5 exd5 33. Qd4
Qc6 34. Qf4 Qe6 35. Qd4 f6 36. Qc3 Kh6 37. h4 g5 38. hxg5+ fxg5 39. Qh8+ Kg6
40. Qc3 b5 41. Qc2+ Kh6 42. Qc3 h4 43. Qd2 Qe5 44. Qc1 Qf6 45. Qd2 d4 46. Qd1
Qd6 47. Qd3 Qc5 48. Qf3 Qc1+ 49. Kh2 Qf4+ 50. Qxf4 gxf4 51. Kg1 d3 52. Kf1 d2
53. Ke2 f3+ 0-1

[Event "Ct. Catalunya juvenil"]
[Site "?"]
[Date "2011.04.20"]
[Round "1"]
[White "Colon Garcia, E."]
[Black "Fernandez Aguilar, F."]
[Result "1/2-1/2"]
[WhiteElo "2288"]
[BlackElo "1924"]
[PlyCount "68"]
[EventDate "2011.??.??"]
[EventType "swiss"]
[EventRounds "8"]

1. e4 e5 2. Nf3 Nc6 3. Bb5 Bc5 4. c3 f5 5. Bxc6 dxc6 6. Nxe5 Qh4 7. O-O fxe4 8.
d4 exd3 9. Nxd3 Bd6 10. g3 Qg4 11. f3 Qg6 12. Re1+ Ne7 13. Bf4 Bf5 14. Ne5 Qf6
15. Qc1 h6 16. Nc4 Bxf4 17. Qxf4 O-O-O 18. Rxe7 Rd1+ 19. Kf2 Qxe7 20. Qxf5+ Kb8
21. Qe5 Qxe5 22. Nxe5 Rhd8 23. Nc4 Rh1 24. Kg2 Rdd1 25. Ncd2 Rhg1+ 26. Kf2 Rh1
27. Kg2 Rhe1 28. Kf2 Rh1 29. Kg2 Rhg1+ 30. Kf2 Rh1 31. Ke2 Rhg1 32. Kf2 Rh1 33.
Ke2 Rde1+ 34. Kd3 Rxh2 1/2-1/2

[Event "Ct. Catalunya juvenil"]
[Site "?"]
[Date "2011.04.20"]
[Round "1"]
[White "Corrales Adamuz, C."]
[Black "Martinez Ramirez, E."]
[Result "0-1"]
[WhiteElo "1883"]
[BlackElo "2173"]
[PlyCount "70"]
[EventDate "2011.??.??"]
[EventType "swiss"]
[EventRounds "8"]

1. c4 Nf6 2. Nc3 d5 3. d4 g6 4. e3 Bg7 5. Nf3 O-O 6. Bd3 c5 7. dxc5 dxc4 8.
Bxc4 Qa5 9. O-O Qxc5 10. Bb3 Nc6 11. Na4 Qh5 12. h3 Rd8 13. Qe2 b5 14. Nc3 b4
15. Qb5 Qxb5 16. Nxb5 Ba6 17. Bc4 Na5 18. Be2 Rab8 19. Nbd4 Bxe2 20. Nxe2 Ne4
21. Rb1 Rbc8 22. Ng3 Nxg3 23. fxg3 b3 24. axb3 Nxb3 25. e4 Rxc1 26. Rfxc1 Nxc1
27. Rxc1 Bxb2 28. Rc7 Ba3 29. Kh2 a5 30. Ra7 Bb4 31. Ne5 Rc8 32. Ra6 Rc3 33.
Nc6 Kg7 34. Rb6 Bc5 35. Rb2 Rc1 0-1

[Event "Ct. Catalunya juvenil"]
[Site "?"]
[Date "2011.04.20"]
[Round "1"]
[White "Ezquerro Luque, A."]
[Black "Torres Morales, F."]
[Result "1/2-1/2"]
[WhiteElo "2055"]
[BlackElo "1746"]
[PlyCount "126"]
[EventDate "2011.??.??"]
[EventType "swiss"]
[EventRounds "8"]

1. e4 e6 2. Nc3 d5 3. Nf3 dxe4 4. Nxe4 Nd7 5. d4 Ngf6 6. Bd3 b6 7. c3 Bb7 8.
Qe2 Be7 9. O-O c5 10. dxc5 Nxe4 11. Bxe4 Bxe4 12. Qxe4 Nxc5 13. Qc6+ Kf8 14.
Be3 Rc8 15. Qb5 Qd3 16. Qxd3 Nxd3 17. Rab1 Bf6 18. Rfd1 Rd8 19. Rd2 Ke7 20. Bd4
Nc5 21. Bxc5+ bxc5 22. Rbd1 Rxd2 23. Rxd2 Rd8 24. Kf1 Rxd2 25. Nxd2 Kd7 26. Ne4
Be7 27. Ke2 f5 28. Nd2 g5 29. Kd3 Kc6 30. Kc4 h5 31. b4 cxb4 32. cxb4 g4 33. a4
Bd8 34. Nb3 e5 35. f3 Be7 36. b5+ Kd6 37. Nc5 h4 38. h3 gxh3 39. gxh3 Bg5 40.
a5 Be3 41. b6 axb6 42. Nb7+ Kc7 43. a6 b5+ 44. Kxb5 e4 45. fxe4 fxe4 46. Kc4
Bf2 47. Kc3 Bb6 48. Kd2 Kd7 49. Ke2 Kc6 50. Kd1 Bc7 51. Nc5 Kb6 52. Ke2 Bd8 53.
Ke3 Be7 54. Nxe4 Kxa6 55. Kf4 Kb6 56. Ke5 Kc6 57. Ke6 Bb4 58. Ng5 Be1 59. Nf3
Bf2 60. Kf5 Kd5 61. Kg4 Ke4 62. Nd2+ Ke5 63. Kf3 Be1 1/2-1/2

[Event "Ct. Catalunya juvenil"]
[Site "?"]
[Date "2011.04.20"]
[Round "1"]
[White "Frances Cuscullola, O."]
[Black "Gotes Perez, J."]
[Result "1/2-1/2"]
[WhiteElo "2077"]
[BlackElo "1790"]
[PlyCount "102"]
[EventDate "2011.??.??"]
[EventType "swiss"]
[EventRounds "8"]

1. Nc3 e5 2. e4 Nf6 3. Nf3 Nc6 4. Bc4 Nxe4 5. Nxe4 d5 6. Bd3 dxe4 7. Bxe4 Bd6
8. O-O O-O 9. Qe2 Qe7 10. Re1 Re8 11. b3 f6 12. Qd3 g6 13. Bb2 Nb4 14. Qc3 Qf7
15. d4 Nd5 16. Bxd5 Qxd5 17. dxe5 Bxe5 18. Nxe5 Rxe5 19. Qxc7 Bh3 20. Qc4 Rxe1+
21. Rxe1 Bxg2 22. Qxd5+ Bxd5 23. Bxf6 Kf7 24. Bd4 a6 25. c4 Bc6 26. Rd1 Re8 27.
Be3 Re7 28. Kf1 Rd7 29. Bd4 Re7 30. a4 Ke8 31. Rd3 Be4 32. Rc3 Bc6 33. Bc5 Rd7
34. Re3+ Kf7 35. Ke2 Kf6 36. Bf8 Rf7 37. Bd6 Rd7 38. c5 Kf5 39. Kd3 Rd8 40. Kc4
Re8 41. Be7 Be4 42. Bd6 Bc6 43. Rxe8 Bxe8 44. Kb4 Ke6 45. Ka5 Kd7 46. b4 Kc8
47. b5 axb5 48. axb5 Bf7 49. Kb6 Bd5 50. Ka7 h5 51. h4 Be4 1/2-1/2

[Event "Ct. Catalunya juvenil"]
[Site "?"]
[Date "2011.04.20"]
[Round "1"]
[White "Jover Font, P."]
[Black "Forsberg Conde, M."]
[Result "0-1"]
[WhiteElo "1712"]
[BlackElo "2052"]
[PlyCount "112"]
[EventDate "2011.??.??"]
[EventType "swiss"]
[EventRounds "8"]

1. e4 e5 2. Nf3 Nc6 3. d4 exd4 4. Nxd4 Nf6 5. Nxc6 bxc6 6. Bd3 d5 7. e5 Nd7 8.
O-O Nc5 9. f4 Nxd3 10. Qxd3 a5 11. Qc3 c5 12. f5 d4 13. Qf3 Rb8 14. e6 fxe6 15.
Qh5+ Kd7 16. fxe6+ Kc6 17. Qe5 Qd5 18. Qe1 Bxe6 19. Qxa5 Kd7 20. Na3 Bd6 21. c4
Qe4 22. Qa4+ Qc6 23. Nb5 Rhf8 24. Bg5 h6 25. Bd2 Bf5 26. Qd1 Qe4 27. Qh5 Be7
28. Rae1 Qg4 29. Qxg4 Bxg4 30. Bf4 Bd8 31. Re5 g5 32. Bg3 Rxf1+ 33. Kxf1 Kc6
34. h3 Bd7 35. Ke2 Bf6 36. Kd3 Bxe5 37. Bxe5 Rb7 38. a4 Bf5+ 39. Kd2 Kd7 40. g4
Be4 41. a5 c6 42. a6 Rb6 43. Nd6 Bg6 44. a7 Rxb2+ 45. Kc1 Ra2 46. Nb7 Rxa7 47.
Nxc5+ Ke7 48. Bxd4 Ra3 49. Ne4 Rxh3 50. Nf2 Rf3 51. Kd2 h5 52. Be3 Kf6 53. Ke2
Rg3 54. gxh5 Bxh5+ 55. Kd3 Ke5 56. Ne4 Bg6 0-1

[Event "Ct. Catalunya juvenil"]
[Site "?"]
[Date "2011.04.20"]
[Round "1"]
[White "Julian Ortin, EM."]
[Black "Fernandez Diaz, C."]
[Result "0-1"]
[WhiteElo "1745"]
[BlackElo "2052"]
[PlyCount "44"]
[EventDate "2011.??.??"]
[EventType "swiss"]
[EventRounds "8"]

1. d4 Nf6 2. c4 g6 3. Nc3 Bg7 4. e4 O-O 5. e5 Ne8 6. f4 d6 7. Be3 Nd7 8. Nf3 c6
9. Be2 Nc7 10. O-O c5 11. d5 b6 12. exd6 exd6 13. Bd3 Nf6 14. Qc2 Bb7 15. f5
Qd7 16. fxg6 hxg6 17. Ng5 Ng4 18. Bxg6 f6 19. Be8 Rfxe8 20. Qh7+ Kf8 21. h3
Rxe3 22. hxg4 Qe7 0-1